Pokémon - Les attaques de Vorastérie - Statistiques

Statistiques générales
  • Ce quiz a été pris 9 fois
    5 depuis la dernière actualisation
  • Le résultat moyen est 6 sur 12
Statistiques - réponses
Niveaux Types Noms des attaques % Correct
Niveau 35 Eau Aqua-Brèche
100%
Départ Poison Dard-Venin
100%
Niveau 40 Poison Bombe Acide
50%
Niveau 25 Insecte Dard-Nuée
50%
Niveau 45 Poison Direct Toxik
50%
Niveau 10 Ténèbres Morsure
50%
Départ Vol Picpic
50%
Niveau 30 Poison Pics Toxik
50%
Niveau 20 Normal Soin
50%
Niveau 50 Poison Toxik
50%
Niveau 15 Poison Choc Venin
0%
Niveau 5 Roche Garde Large
0%
Aucun quiz correspondant
Distribution des résultats
% des personnes avec chaque résultat
Percentile par nombre de réponses
Votre historique - résultats
Vous n’avez pas pris ce quiz depuis la dernière actualisation